Loading...
| Current Events | 3 | 16.67 | 100% | 67% | 0% |
| Fine Arts - Classical Music | 4 | 7.50 | 50% | 25% | 0% |
| Fine Arts - Other | 6 | 11.67 | 83% | 17% | 17% |
| Fine Arts - Painting & Sculpture | 4 | 17.50 | 100% | 75% | 0% |
| Geography | 4 | 17.50 | 100% | 75% | 0% |
| History - American | 8 | 15.00 | 88% | 63% | 0% |
| History - European | 7 | 11.43 | 86% | 29% | 0% |
| History - Other | 9 | 12.22 | 100% | 22% | 0% |
| History - World | 3 | 10.00 | 67% | 33% | 0% |
| Literature - American | 5 | 20.00 | 100% | 80% | 20% |
| Literature - British | 8 | 10.00 | 100% | 0% | 0% |
| Literature - European | 9 | 6.67 | 56% | 11% | 0% |
| Literature - World | 5 | 16.00 | 100% | 60% | 0% |
| Mythology | 2 | 10.00 | 100% | 0% | 0% |
| Other Academic | 4 | 15.00 | 75% | 75% | 0% |
| Philosophy | 10 | 8.00 | 70% | 10% | 0% |
| Religion | 5 | 14.00 | 80% | 60% | 0% |
| Science - Biology | 7 | 7.14 | 57% | 14% | 0% |
| Science - Chemistry | 7 | 10.00 | 71% | 29% | 0% |
| Science - Other | 9 | 16.67 | 89% | 78% | 0% |
| Science - Physics | 6 | 11.67 | 100% | 17% | 0% |
| Social Science | 7 | 15.71 | 86% | 57% | 14% |